000 00295nam a2200109Ia 4500
008 200302s9999 xx 000 0 und d
100 _aPhilip Jodidio
245 _aJean-Marie Duthilleul And Etienne Tricaud Arep
260 _bImages Publications Group, Australia
260 _c2008
300 _a248
999 _c4732
_d4732